<?xml version="1.0" encoding="UTF-8"?>
<collection xmlns="http://www.loc.gov/MARC21/slim">
 <record>
  <leader>04099cam a22003731a 4500</leader>
  <controlfield tag="001">000035457</controlfield>
  <controlfield tag="003">11743</controlfield>
  <controlfield tag="005">20221209140456.0</controlfield>
  <controlfield tag="008">160105s2015                  000   eng</controlfield>
  <datafield tag="040" ind1=" " ind2=" ">
   <subfield code="a">LNN</subfield>
  </datafield>
  <datafield tag="041" ind1=" " ind2=" ">
   <subfield code="a">eng</subfield>
  </datafield>
  <datafield tag="082" ind1=" " ind2=" ">
   <subfield code="a">420.4</subfield>
   <subfield code="b">NG-T</subfield>
  </datafield>
  <datafield tag="100" ind1=" " ind2=" ">
   <subfield code="a">Nguyễn,Thị Ngọc Trâm</subfield>
  </datafield>
  <datafield tag="245" ind1=" " ind2="3">
   <subfield code="a">An investigation into conceptual metaphor denoting love in “the thorn birds” by colleen mccullough and in its vietnamese translational version /</subfield>
   <subfield code="c">Nguyễn Thị Ngọc Trâm; Phan Văn Hòa supervisor.</subfield>
  </datafield>
  <datafield tag="260" ind1=" " ind2=" ">
   <subfield code="c">2015</subfield>
   <subfield code="a">ĐHĐN :</subfield>
   <subfield code="b">ĐHĐN.</subfield>
  </datafield>
  <datafield tag="300" ind1=" " ind2=" ">
   <subfield code="a">93tr . : ;</subfield>
   <subfield code="c">30cm+.</subfield>
  </datafield>
  <datafield tag="520" ind1=" " ind2=" ">
   <subfield code="a">This study mainly focuses on analyzing the conceptual metaphor denoting love in “The Thorn Birds” by Colleen McCullough and in its Vietnamese translational version by Pham Manh Hung, and gives the metaphorical mappings. We investigate the conceptual metaphor denoting the concept of love in the original novel and in Vietnamese translational version based on the theory of conceptual metaphor and we categorize the conceptual metaphor of love into groups and analyze the conceptual metaphor in term of meaning and structure mapping. The metaphorical mapping such as love is an entity, a war, fire, a natural force, a physical force, rapture/ a high, insanity and a fluid in a container will be analyzed in our study. And we find out the similar expressions of conceptual metaphor denoting love in the original novel and in the translational version, give the differences about syntactic features of conceptual metaphor denoting love in two languages.This study also suggests some implications for learners and readers. This helps learner have the best way to learn how and when the love from context because conceptual metaphor denoting love denotes more than one emotional state and understand conceptual metaphor not only in literature but also in the life.</subfield>
  </datafield>
  <datafield tag="650" ind1=" " ind2=" ">
   <subfield code="a">conceptual metaphor denoting love in “the thorn birds” by colleen mccullough and in its vietnamese translational version</subfield>
  </datafield>
  <datafield tag="653" ind1=" " ind2=" ">
   <subfield code="a">conceptual metaphor denoting</subfield>
   <subfield code="a">vietnamese translational version</subfield>
  </datafield>
  <datafield tag="700" ind1=" " ind2=" ">
   <subfield code="a">Phan Văn Hòa</subfield>
   <subfield code="e">supervisor</subfield>
  </datafield>
  <datafield tag="OWN" ind1=" " ind2=" ">
   <subfield code="a">LNN</subfield>
  </datafield>
  <datafield tag="902" ind1=" " ind2=" ">
   <subfield code="a">Luận văn thạc sĩ</subfield>
  </datafield>
  <datafield tag="AVA" ind1=" " ind2=" ">
   <subfield code="a">UDN50</subfield>
   <subfield code="b">LNN</subfield>
   <subfield code="c">English</subfield>
   <subfield code="d">420.4 NG-T</subfield>
   <subfield code="e">available</subfield>
   <subfield code="t">Error 5001 Not defined in file expand_doc_bib_avail.</subfield>
   <subfield code="f">1</subfield>
   <subfield code="g">0</subfield>
   <subfield code="h">N</subfield>
   <subfield code="i">0</subfield>
   <subfield code="j">AN</subfield>
   <subfield code="k">1</subfield>
  </datafield>
  <datafield tag="Z40" ind1="3" ind2=" ">
   <subfield code="y">An investigation into conceptual metaphor denoting love in “the thorn birds” by colleen mccullou</subfield>
   <subfield code="l">Library of UFL</subfield>
   <subfield code="t">VIEW</subfield>
   <subfield code="x">http://catalog.udn.vn:80/F?func=service&amp;doc_library=UDN01&amp;local_base=UDN01&amp;doc_number=000035457&amp;sequence=000001&amp;line_number=0001&amp;func_code=DB_RECORDS&amp;service_type=MEDIA</subfield>
   <subfield code="f">TOMTATLUANVAN_000011776.pdf</subfield>
   <subfield code="e">pdf</subfield>
   <subfield code="s">000355775</subfield>
   <subfield code="k">20210806</subfield>
   <subfield code="m">NTMTHI</subfield>
  </datafield>
  <datafield tag="Z40" ind1="3" ind2=" ">
   <subfield code="y">An investigation into conceptual metaphor denoting love in “the thorn birds” by colleen mccullou</subfield>
   <subfield code="l">Library of UFL</subfield>
   <subfield code="t">VIEW</subfield>
   <subfield code="x">http://catalog.udn.vn:80/F?func=service&amp;doc_library=UDN01&amp;local_base=UDN01&amp;doc_number=000035457&amp;sequence=000002&amp;line_number=0002&amp;func_code=DB_RECORDS&amp;service_type=MEDIA</subfield>
   <subfield code="f">LUANVAN_000011778.pdf</subfield>
   <subfield code="e">pdf</subfield>
   <subfield code="s">000957733</subfield>
   <subfield code="k">20210806</subfield>
   <subfield code="m">NTMTHI</subfield>
  </datafield>
  <datafield tag="999" ind1=" " ind2=" ">
   <subfield code="a">From the UDN01</subfield>
  </datafield>
  <datafield tag="AVA" ind1=" " ind2=" ">
   <subfield code="a">UDN50</subfield>
   <subfield code="b">LNN</subfield>
   <subfield code="c">English</subfield>
   <subfield code="d">420.4 NG-T</subfield>
   <subfield code="e">available</subfield>
   <subfield code="t">Error 5001 Not defined in file expand_doc_bib_avail.</subfield>
   <subfield code="f">1</subfield>
   <subfield code="g">0</subfield>
   <subfield code="h">N</subfield>
   <subfield code="i">0</subfield>
   <subfield code="j">AN</subfield>
   <subfield code="k">1</subfield>
  </datafield>
  <datafield tag="TYP" ind1=" " ind2=" ">
   <subfield code="a">Monograph</subfield>
  </datafield>
  <datafield tag="TYP" ind1=" " ind2=" ">
   <subfield code="a">Printed language</subfield>
  </datafield>
  <datafield tag="856" ind1=" " ind2=" ">
   <subfield code="y">An investigation into conceptual metaphor denoting love in “the thorn birds” by colleen mccullou</subfield>
   <subfield code="l">Library of UFL</subfield>
   <subfield code="t">VIEW</subfield>
   <subfield code="x">http://catalog.udn.vn:80/F?func=service&amp;doc_library=UDN01&amp;local_base=UDN01&amp;doc_number=000035457&amp;sequence=000001&amp;line_number=0001&amp;func_code=DB_RECORDS&amp;service_type=MEDIA</subfield>
   <subfield code="f">TOMTATLUANVAN_000011776.pdf</subfield>
   <subfield code="e">pdf</subfield>
   <subfield code="s">000355775</subfield>
   <subfield code="k">20210806</subfield>
   <subfield code="m">NTMTHI</subfield>
  </datafield>
  <datafield tag="856" ind1=" " ind2=" ">
   <subfield code="y">An investigation into conceptual metaphor denoting love in “the thorn birds” by colleen mccullou</subfield>
   <subfield code="l">Library of UFL</subfield>
   <subfield code="t">VIEW</subfield>
   <subfield code="x">http://catalog.udn.vn:80/F?func=service&amp;doc_library=UDN01&amp;local_base=UDN01&amp;doc_number=000035457&amp;sequence=000002&amp;line_number=0002&amp;func_code=DB_RECORDS&amp;service_type=MEDIA</subfield>
   <subfield code="f">LUANVAN_000011778.pdf</subfield>
   <subfield code="e">pdf</subfield>
   <subfield code="s">000957733</subfield>
   <subfield code="k">20210806</subfield>
   <subfield code="m">NTMTHI</subfield>
  </datafield>
  <datafield tag="980" ind1=" " ind2=" ">
   <subfield code="a">Mạng thư viện Đại học Đà Nẵng</subfield>
  </datafield>
 </record>
</collection>
